000 00755cam a22002418i 4500
999 _c57764
_d57764
001 20690962
005 20201105133644.0
008 180928s2019 enk b 001 0 eng
010 _a 2018045741
020 _a9781138557444 (pbk : alk. paper)
041 _aeng
080 _a338.48 D-55
100 1 _aDileep, M. R.
_q(Madhav R.),
_eauthor.
_99715
245 1 0 _aTourism, transport and travel management /
_cM.R. Dileep.
264 1 _aNew York, NY :
_bRoutledge,
_c2019.
300 _a470 pages
_b 25 cm.
650 0 _aTourism
_xManagement.
_98886
650 0 _aTransportation
_xPassenger traffic.
_99716
653 _aტურიზმი
653 _aმენეჯმენტი
653 _aეკონომიკა
942 _2udc
_cBK